LEADER 03203oam 2200529 c 450 001 996308802003316 005 20220425193343.0 010 $a3-8394-0176-3 024 7 $a10.14361/9783839401767 035 $a(CKB)3710000000482569 035 $a(OAPEN)1007639 035 $a(DE-B1597)461515 035 $a(OCoLC)1013942199 035 $a(OCoLC)944070645 035 $a(DE-B1597)9783839401767 035 $a(transcript Verlag)9783839401767 035 $a(EXLCZ)993710000000482569 100 $a20220221d2015 uy 0 101 0 $ager 135 $auuuuu---auuuu 181 $ctxt$2rdacontent 182 $cc$2rdamedia 183 $acr$2rdacarrier 200 14$aDas Netz und die Virtuelle Realita?t$eZur Selbstprogrammierung der Gesellschaft durch die universelle Maschine$fJens Schro?ter 205 $a1st ed. 210 $aBielefeld$ctranscript Verlag$d2015 215 $a1 online resource (328) 225 0 $aKultur- und Medientheorie 311 $a3-89942-176-0 327 $aFrontmatter 1 Inhalt 4 Danksagung 6 Vorwort 7 Einleitung 8 1. Das Netz 20 2. Die Virtuelle Realita?t 152 3. Fazit: Der Computer als Medium der Selbstprogrammierung der Gesellschaft 279 4. Abbildungen 294 5. Literatur 297 6. Zum Autor 327 330 $aDie computerbasierten »Neuen Medien« scheinen eine radikale Umwa?lzung der Gesellschaft zu bewirken. Aber: Die »Neuen Medien« ha?tten sich auch anders entwickeln ko?nnen. Technologien vera?ndern zwar die Gesellschaft, werden aber zugleich auch von ihr erfunden und umgeformt. Insbesondere gilt das fu?r die Computer, die universell und programmierbar sind. Sie werden gesellschaftlichen Vorstellungen, was sie sein und tun sollen, unterworfen. Die Frage ist also: Wie und warum hat sich die Gesellschaft durch das Medium Computer - insbesondere durch die Konstellationen des »Netzes« und der »Virtuellen Realita?t« - selbst programmiert? Jens Schro?ters Antworten aktualisieren die etablierte Sichtweise auf das Verha?ltnis von Gesellschaft und Computer. Zahlreiche Abbildungen dokumentieren die Entwicklung der »Universalmaschine«. 330 1 $aBesprochen in: O?sterreichische Zeitschrift fu?r Geschichtswissenschaften, 16/4 (2005), Markus Stauff 606 $aComputer; Neue Medien; Kalter Krieg; Medientheorie; Technikgeschichte; Internet; Medien; Digitale Medien; Mediensoziologie; Medienwissenschaft; Media Theory; History of Technology; Media; Digital Media; Sociology of Media; Media Studies; 610 $aDigital Media. 610 $aHistory of Technology. 610 $aInternet. 610 $aMedia Studies. 610 $aMedia. 610 $aSociology of Media. 615 4$aComputer; Neue Medien; Kalter Krieg; Medientheorie; Technikgeschichte; Internet; Medien; Digitale Medien; Mediensoziologie; Medienwissenschaft; Media Theory; History of Technology; Media; Digital Media; Sociology of Media; Media Studies; 700 $aSchro?ter$b Jens$f1970-$4aut$01223436 801 0$bDE-B1597 801 1$bDE-B1597 906 $aBOOK 912 $a996308802003316 996 $aDas Netz und die Virtuelle Realita?t$92838081 997 $aUNISA LEADER 01919nam0 2200409 i 450 001 VAN0113976 005 20230706095958.62 017 70$2N$a9784431553397 100 $a20180124d2015 |0itac50 ba 101 $aeng 102 $aJP 105 $a|||| ||||| 200 1 $aModern methodology and applications in spatial-temporal modeling$fGareth William Peters, Tomoko Matsui editors 210 $aTokyo$cSpringer$d2015 215 $aXV, 111 p.$cill.$d24 cm 410 1$1001VAN0113968$12001 $aSpringerBriefs in Statistics. JSS research series in statistics$1210 $aBerlin [etc.]$cSpringer 500 1$3VAN0235148$aModern methodology and applications in spatial-temporal modeling$91522873 606 $a62-XX$xStatistics [MSC 2020]$3VANC022998$2MF 606 $a62Pxx$xApplications of statistics [MSC 2020]$3VANC027777$2MF 606 $a62M30$xInference from spatial processes [MSC 2020]$3VANC029001$2MF 610 $aAudio and Music Signal Processing$9KW:K 610 $aGaussian processes$9KW:K 610 $aKernel methods$9KW:K 610 $aNon-Parametric Bayesian Inference$9KW:K 610 $aWireless Signal Processing$9KW:K 620 $dTokyo$3VANL000048 702 1$aMatsui$bTomoko$3VANV088053 702 1$aPeters$bGareth William$3VANV088052 712 $aSpringer $3VANV108073$4650 801 $aIT$bSOL$c20240614$gRICA 856 4 $uhttp://dx.doi.org/10.1007/978-4-431-55339-7$zE-book ? Accesso al full-text attraverso riconoscimento IP di Ateneo, proxy e/o Shibboleth 899 $aBIBLIOTECA DEL DIPARTIMENTO DI MATEMATICA E FISICA$1IT-CE0120$2VAN08 912 $fN 912 $aVAN0113976 950 $aBIBLIOTECA DEL DIPARTIMENTO DI MATEMATICA E FISICA$d08CONS e-book 0331 $e08eMF331 20180124 996 $aModern methodology and applications in spatial-temporal modeling$91522873 997 $aUNICAMPANIA LEADER 01223nam0 22002891i 450 001 UON00289780 005 20231205103916.555 100 $a20070313d1954 |0itac50 ba 101 $ager 102 $aDE 105 $a|||| 1|||| 200 1 $aGeist der Goethezeit$eVersuch einer ideellen Entwicklung der klassisch-romantischen Literaturgeschichte. 1.: Sturm und Drang$fH. A. Korff 205 $a2.$bdurchgesehene Aufl 210 $aLeipzig$cKoehler & Amelang$d1954 215 $a310 p.$d24 cm. 606 $aLetteratura tedesca$xStoria$xSec. 18.$3UONC061988$2FI 606 $aLetteratura tedesca$xStoria$xSec. 19.-20.$3UONC061913$2FI 620 $aDE$dLeipzig$3UONL003218 676 $a830.09$cLetteratura tedesca. Storia, descrizione, studi critici$v21 700 1$aKorff$bHermann August$3UONV163972$0769931 712 $aKoehler & Amelang$3UONV250855$4650 801 $aIT$bSOL$c20251003$gRICA 899 $aSIBA - SISTEMA BIBLIOTECARIO DI ATENEO$2UONSI 912 $aUON00289780 950 $aSIBA - SISTEMA BIBLIOTECARIO DI ATENEO$dSI TED 22 II C KOR 1 $eSI ST 3930 5 1 996 $aGeist der Goethezeit$91570272 997 $aUNIOR